Cost and Management Accounting (Record no. 42208)

MARC details
000 -LEADER
fixed length control field 00542nam a2200181Ia 4500
008 - FIXED-LENGTH DATA ELEMENTS--GENERAL INFORMATION
fixed length control field 220531s9999 xx 000 0 und d
041 ## - LANGUAGE CODE
Language code of text/sound track or separate title eng
082 ## - DEWEY DECIMAL CLASSIFICATION NUMBER
Item number COS / INS
100 ## - MAIN ENTRY--PERSONAL NAME
Personal name Institute of Cost And Works Accountants of India
9 (RLIN) 75958
245 ## - TITLE STATEMENT
Title Cost and Management Accounting
250 ## - EDITION STATEMENT
Edition statement 1ST
260 ## - PUBLICATION, DISTRIBUTION, ETC. (IMPRINT)
Place of publication, distribution, etc. Kolkata
Name of publisher, distributor, etc. Institute of Cost And Works Accountants of India
Date of publication, distribution, etc. 2002
300 ## - PHYSICAL DESCRIPTION
Extent 10.53+A1.17
542 ## - INFORMATION RELATING TO COPYRIGHT STATUS
Copyright holder 11-03-2017
650 ## - SUBJECT ADDED ENTRY--TOPICAL TERM
Topical term or geographic name as entry element Cost and Management Accounting
9 (RLIN) 75959
906 ## - LOCAL DATA ELEMENT F, LDF (RLIN)
d 2016-2017
f 10160
Holdings
Withdrawn status Lost status Source of classification or shelving scheme Damaged status Not for loan Collection code Home library Current library Date acquired Vendor Cost, normal purchase price Total Checkouts Total Holds Full call number Barcode Date last seen Cost, replacement price Bill Date Koha item type Original Barcode
    Dewey Decimal Classification       Shri Siddhivinayak Mahila Mahavidyalaya Shri Siddhivinayak Mahila Mahavidyalaya 11/03/2017 Sunil Kelkar 50.00   1 /COS/INS/B/25584 SSMM-BK-25584 06/08/2022 50.00 06/08/2022 Books 010025584